Music Quiz

Random Music or Song Quiz
Score 0/32 Timer 06:00
0 Plays Today
Question Answer Wrong Answers
Looks That Kill, Motley Crue No
94.1%
Yes
4.4%
Die Die My Darling, The Misfits Yes
92.6%
No
1.5%
No One Like You, Socrpions No
91.2%
Yes
8.8%
Oblivion, Mastodon No
91.2%
Yes
4.4%
Night Moves, Bob Seger No
91.2%
Yes
4.4%
Freya, The Sword No
89.7%
Yes
5.9%
Life Wasted, Pearl Jam No
89.7%
Yes
4.4%
Stone Cold Crazy, Queen Yes
89.7%
No
5.9%
Breadfan, Budgie Yes
89.7%
No
5.9%
It's Electric, Diamond Head Yes
88.2%
No
4.4%
Subliminal, Suicidal Tendencies No
86.8%
Yes
8.8%
Havana Affair, The Ramones No
86.8%
Yes
8.8%
Eyes Of A Stranger, Queensryche No
83.8%
Yes
11.8%
Thirsty and Miserable, Black Flag No
83.8%
Yes
7.4%
Aesthetics of Hate, Machine Head No
83.8%
Yes
8.8%
Astronomy, Blue Oyster Cult Yes
82.4%
No
14.7%
The Wait, Killing Joke Yes
82.4%
No
10.3%
Loverman, Nick Cave & the Bad Seeds Yes
82.4%
No
14.7%
Killing Time, Sweet Savage Yes
82.4%
No
10.3%
Burn, Deep Purple No
82.4%
Yes
11.8%
Free Speech For The Dumb, Discharge Yes
80.9%
No
13.2%
Stone Dead Forever, Motorhead Yes
80.9%
No
16.2%
Sweet Leaf, Black Sabbath No
79.4%
Yes
14.7%
Jailbreak, Thin Lizzy No
79.4%
Yes
14.7%
The Small Hours, Holocaust Yes
79.4%
No
14.7%
Gimme Three Steps, Lynyrd Skynyrd No
77.9%
Yes
16.2%
Mother, Danzig No
76.5%
Yes
17.6%
Remember Tomorrow, Iron Maiden Yes
73.5%
No
23.5%
Evil, Mercyful Fate Yes
70.6%
No
23.5%
Motorcycle Man, Saxon No
69.1%
Yes
25%
You Really Got Me, The Kinks Yes
29.4%
No
64.7%
Sweet Jane, The Velvet Underground Yes
27.9%
No
66.2%
Come Together.
Have Fun.
All Virtual.
We all need to come together. Play Sporcle's virtual live trivia to have fun, connect with people, and get your trivia on. Join a live hosted trivia game for your favorite pub trivia experience done virtually. If a virtual private party is more your thing, go here for details.

You're not logged in!

Compare scores with friends on all Sporcle quizzes.
OR
Log In

Sporcle TV

Today on Sporcle TV


Watch our educational content, quiz creation guides, and fun videos on Sporcle TV.

Show Comments

Extras

Top Quizzes Today


Score Distribution

Paid Content

Your Account Isn't Verified!

In order to create a playlist on Sporcle, you need to verify the email address you used during registration. Go to your Sporcle Settings to finish the process.

Report this User

Report this user for behavior that violates our Community Guidelines.

Details: